Alle Heutigen Länder die die UdSSR enthalten hat - Statistiken

Allgemein
  • Dieses Quiz wurde 282 mal gespielt
  • Das Durchschnittsergebnis liegt bei 13 aus 15
Antwortstatistiken
Antwort % Korrekt
Ukraine
98%
Belarus/Weißrussland
94%
Estland
93%
Litauen
93%
Russland
93%
Lettland
92%
Kasachstan
91%
Aserbaidschan
85%
Georgien
85%
Usbekistan
84%
Kirgisistan
82%
Turkmenistan
82%
Armenien
81%
Tadschikistan
80%
Moldawien
79%
Keine übereinstimmenden Quizze gefunden
Verteilung der Resultate
Anzahl Personen mit jedem Resultat
Perzentil nach korrekt beantworteten Fragen
Ihre Resultats-Entwicklung
Sie haben dieses Quiz noch nicht gespielt